Normal view
MARC view
- Erik Hazzard
Entry Personal Name
001 - CONTROL NUMBER
- control field: 133297
003 - CONTROL NUMBER IDENTIFIER
- control field: NUST
005 - DATE AND TIME OF LATEST TRANSACTION
- control field: 20260217122344.0
008 - FIXED-LENGTH DATA ELEMENTS
- fixed length control field: 260217|| aca||aabn | a|a d
040 ## - CATALOGING SOURCE
- Original cataloging agency: NUST
- Transcribing agency: NUST
100 ## - HEADING--PERSONAL NAME
- Personal name: Erik Hazzard
670 ## - SOURCE DATA FOUND
- Source citation: Work cat.: (NUST): Erik Hazzard., OpenLayers 2.10 Beginner's Guide /, 2011.
